Loading...
| Other - Geo/CE | 1 | 2 | 1 | 1 | 30 | 25 | 80.67 | 3 | 3 |
| History - World History | 0 | 3 | 1 | 2 | 25 | 98 | 117.67 | 1 | 3 |
| Beliefs - Mythology | 0 | 2 | 0 | 1 | 20 | 137 | 139.00 | 0 | 2 |
| Other - Other Academic | 0 | 2 | 0 | 1 | 20 | 107 | 120.00 | 1 | 2 |
| History - American History | 1 | 1 | 1 | 0 | 20 | 78 | 99.00 | 0 | 2 |
| History - Euro History | 0 | 2 | 0 | 1 | 20 | 97 | 108.50 | 0 | 2 |
| Science - Biology | 0 | 1 | 0 | 0 | 10 | 90 | 90.00 | 1 | 1 |
| Beliefs - Religion | 0 | 1 | 0 | 1 | 10 | 134 | 134.00 | 0 | 1 |
| History - Other History | 0 | 1 | 0 | 1 | 10 | 132 | 132.00 | 0 | 1 |
| Literature - World Lit | 0 | 1 | 0 | 0 | 10 | 77 | 77.00 | 0 | 1 |
| Other - Pop Culture | 0 | 1 | 1 | 0 | 5 | 125 | 125.00 | 0 | 1 |
| Arts - Painting | 0 | 0 | 0 | 0 | 0 | 0.00 | 0 | 0 | |
| Arts - Other Arts | 0 | 0 | 1 | 0 | -5 | 0.00 | 0 | 0 |